Исторические судьбы крымских татар (Запис № 390166)

МАРК-запис
000 -Лідер
fixed length control field 01311nam a22002657a 4500
001 - Контрольний номер
control field 104230
003 - Ідентифікатор контрольного номера
control field UA-OsUOA
005 - Дата та час останнього входження (трансакції)
control field 20230504161332.0
007 - Фіксоване поле фізичного опису
fixed length control field ta
008 - Елементи даних фіксованої довжини – загальна інформація
fixed length control field 20131209b un ||||| |||| 00| 0 ukr d
020 ## - Міжнародний стандартний книжковий номер (ISBN)
Міжнародний стандартний книжковий номер (ISBN) (НП) 5-244-00641-Х
040 ## - Джерело каталогізації
Агенція оригінальної каталогізації UA-OsUOA
Мова каталогізації ukr
Агенція, яка здійснювала перезапис UA-OsUOA
Агенція, яка здійснювала модифікацію UA-OsUOA
041 ## - Код мови
Код мови тексту/ звукової доріжки чи окремого заголовка (П) ukr
080 ## - Індекс Універсальної десяткової класифікації
Індекс Універсальної десяткової класифікації (УДК) (НП) 94(477.75)
090 ## - Локальний шифр розміщення
Класифікаційний індекс УДК 94(477.75)
Авторський знак (НП) В64
100 ## - Основне введення – ім’я особи
Ім’я особи (НП) Возгрин В. Е.
245 ## - Відомості про назву
Назва (НП) Исторические судьбы крымских татар
260 ## - Публікація, розповсюдження і т.п. (Вихідні дані)
Місце публікації, розповсюдження і т.п. (П) М.
Ім’я/ наймення видавництва, розповсюджувача і т.п. (П) Мысль
Дата публікації, розповсюдження і т.п. (П) 1992
300 ## - Фізичний опис
Обсяг 446 с.
520 ## - Резюме і т.п.
Резюме, реферат, анотація, тощо (НП) Данная книга, написанная известным ученым, доктором исто­рических наук В.Е. Возгриным, рассказывает об исторических судь­бах крымских татар. Это первая в нашей стране работа, в которой на широком историческом фоне прослежена судьба крымских татар как нации, так и в рамках самостоятельного государства.
650 #7 - Додаткове предметне введення – тематичний термін
Тематичний термін чи географічна назва, як елемент введення (НП) 9 Географія. Біографії. Історія
Джерело заголовка чи терміна UDC
942 ## - Додаткові елементи входу (Коха)
Тип елемента Koha Книги
Source of classification or shelving scheme Universal Decimal Classification
955 ## - Код типу видання за змістом
Код типу видання за змістом (НП) Наукові видання
Фонди
Стан вилучень Стан втрат Джерело класифікації або схеми стелажів Стан уражень Не для кредиту Код колекції Постійне місце розташування Поточне розміщення Дата придбання Джерело придбання Вартість, звичайна ціна покупки Інвентарний номер Усього замовленно Повний номер виклику Штрих-код Дата останнього перегляду Ціна ефективна від Тип елемента Koha
    Universal Decimal Classification     Колекція Жулинського М.Г. АБ - Абонемент НБ АБ - Абонемент НБ 09/12/2013 63/2013 18.00 144534   94(477.75) В64 144534 06/02/2022 09/12/2013 Книги